The Legend of Zelda BOTW: Villages - Statistics

General Stats
  • This quiz has been taken 376 times
  • The average score is 9 of 11
Answer Stats
Hint Answer % Correct
The village where Urbosa lived in the desert Gerudo
96%
The village in eastern Necluda where you get the camera Hateno
96%
The village where Mipha lived in the Eastern Lanayru Zora
95%
The volcanic village where Daruk lived in Northern Eldin Goron
94%
The Village where Revali lived in the western Hebra Rito
91%
The first village in the northwestern Necluda Kakariko
90%
Its not really a village but the Korok live there Korok Forest
80%
The fishing village in southeast Faron Lurelin
77%
The village Hudson built in Southern Akaala TarreyTown
67%
The village in ruin straight in front of the first memory in front of the castle Hyrule Castle Town
56%
The village that is in ruin in the lake near the Dueling Peaks Deya
27%
No matching quizzes found
Score Distribution
Percent of People with Each Score
Percentile by Number Answered
Your Score History
You have not taken this quiz